|
|
|
|
| LEADER |
00902nam a2200325 4500 |
| 001 |
DLU120135766 |
| 005 |
##20120529 |
| 040 |
# |
# |
|a DLU
|b vie
|
| 041 |
# |
# |
|a vie
|
| 044 |
# |
# |
|a vn
|
| 082 |
# |
# |
|a 959.703
|b TR-K
|
| 100 |
# |
# |
|a Trường Khánh.
|
| 245 |
# |
# |
|a Hoàng đế Triều Trần :
|b Cội nguồn - Ấn tượng dân gian /
|c Trường Khánh.
|
| 250 |
# |
# |
|a Tái bản lần thứ nhất.
|
| 260 |
# |
# |
|a H. :
|b Văn hoá Dân tộc,
|c 2003.
|
| 300 |
# |
# |
|a 223 tr. ;
|c 21 cm.
|
| 504 |
# |
# |
|a Tài liệu tham khảo: tr.220.
|
| 651 |
# |
# |
|a Việt Nam
|x Lịch sử
|y Triều đại nhà Trần, 1225-1413.
|
| 651 |
# |
# |
|a Việt Nam
|x Vua và quần thần.
|
| 923 |
# |
# |
|a 01/2012DP
|
| 991 |
# |
# |
|a SH
|
| 992 |
# |
# |
|a 22000
|
| 994 |
# |
# |
|a KDP
|
| 900 |
# |
# |
|a True
|
| 911 |
# |
# |
|a Đào Thị Thu Huyền
|
| 925 |
# |
# |
|a G
|
| 926 |
# |
# |
|a A
|
| 927 |
# |
# |
|a SH
|
| 980 |
# |
# |
|a Thư viện Trường Đại học Đà Lạt
|